Statistics for 30 Smallest Countries by Area

Click here to take the quiz!

General Stats

  • This quiz has been taken 41 times
  • The average score is 25 of 30

Answer Stats

HintAnswer% Correct
0.44 km²Vatican City
100%
160 km²Liechtenstein
97%
468 km²Andorra
95%
2.02 km²Monaco
95%
61 km²San Marino
95%
2586 km²Luxembourg
92%
269 km²Saint Kitts and Nevis
86%
616 km²Saint Lucia
86%
389 km²Saint Vincent and the Grenadines
86%
430 km²Barbados
84%
300 km²Maldives
84%
21 km²Nauru
84%
460 km²Palau
84%
2842 km²Samoa
84%
455 km²Seychelles
84%
442 km²Antigua and barbuda
81%
4033 km²Cape Verde
81%
751 km²Dominica
81%
26 km²Tuvalu
81%
780 km²Bahrain
78%
2235 km²Comoros
78%
344 km²Grenada
78%
316 km²Malta
78%
181 km²Marshall Islands
78%
2040 km²Mauritius
78%
702 km²Micronesia
78%
719 km²Singapore
78%
811 km²Kiribati
76%
1001 km²Sao Tome
76%
747 km²Tonga
76%

Score Distribution

Percentile by Number Answered

Percent of People with Each Score

Your Score History

You have not taken this quiz